000 003910000a22001570004500
003 MACL
040 _aMACL
090 _c6119
_d6118
100 _aHikosaka, Dr, Shu
245 _aA Descriptive Catalogue of Palm _ Leaf Manuscripts in Tamil
_bVol 1 Part 1
260 _bInstitute of Asian Studies
_c1990
350 _a177.50
650 _aManuscripts
942 _cBOOK
_k91
951 _o91 BOOK
999 _c6071
_d6071